01314nam a2200373 i 450000100060000000300090000600500170001500800390003202000150007104000360008604100080012204600090013008000110013908000110015008000120016124501970017324600350037025000140040526000730041930000210049238000160051338000270052938500390055638800140059538800140060950400260062365000210064965000250067065500300069565800260072570000500075170000410080185600980084210377KOSZ 00520211115125149.0950707s1994 pl f f |000 0 pol a8390185318 cKOSZ 005aKOSZ 005dKOSZ 005/HR0 apol k1994 a338.47 a656.61 a(075.8)10aEkonomika i organizacja transportu morskiego :bpraca zbiorowa.nCz. 2,pEkonomika transportu morskiego /c[aut. poszczeg. rozdz. Jerzy Kubicki, Zygmunt Sójka] ; pod red. Jerzego Kubickiego.30aEkonomika transportu morskiego a[Wyd. 2]. aGdynia :bWydaw. Uczelniane WSM - Wyższej Szkoły Morskiej,c1994. a190 s. ;c21 cm. aKsiążki aPublikacje dydaktyczne mPoziom nauczaniaaSzkoły wyższe a1901-2000 a1989-2000 aBibliogr. s. 188-190. 4aTransport morski 4aEkonomika transportu aPodręczniki akademickie aTransport i logistyka1 aKubicki, Jerzyc(ekonomista)eAutoreRedakcja1 aSójka, Zygmuntd(1921-2016)eAutor uhttp://koha.tu.koszalin.pl/cgi-bin/koha/opac-detail.pl?biblionumber=10377yKatalog online BPK